000 00487nam a2200181Ia 4500
001 17117
003 GE_BSU
008 181216s||||||||xx |||||||||||||| ||und||
040 _cGE_BSU
080 _aბიბლიოთეკა "ქართული მწერლობა" N1
100 _a821.353.1-1
245 _aლექსები
260 _aტფილისი
260 _c1926
300 _a28გვ. ; 15სმ.
653 _aლექსები
942 _cBK
999 _c50179
_d50179